000 00601nam a22002417a 4500
003 UA-OsUOA
001 30585
007 ta
008 20041111b un ||||| |||| 00| 0 ukr d
100 _aНерсесова М.
090 _a82.09(410)
_bН54
942 _cBK
040 _aUA-OsUOA
_brus
_cUA-OsUOA
_dUA-OsUOA
245 _a"Холодный дом" Диккенса
300 _a112 с.
955 _a0
041 _arus
080 _a82.09(410)
260 _aМосква
_bХудожественная литература
_c1971
044 _aRU
650 7 _2UDC
999 _c316998
_d316998